Dopisy novicky /

Hlavní autor: Piovene, Guido, 1907-1974
Další autoři: Horáček, Vladimír, 1922-1998
Jazyk: Čeština
Vydáno: Praha : Odeon, 1971
Vydání: 1. vyd.
Edice: Soudobá světová próza (Odeon)
Externí odkaz: Digitalizovaný dokument
Fyzický popis: 216 s.
Knihy
Uloženo v:
LEADER 01056nam a22003012a 4500
001 000220143
003 CZ BrMZK
005 20090520135810.0
007 ta
008 950101s1971 xr f |||||||||||cze d
015 |a cnb000129591 
035 |a (OCoLC)42148274 
040 |a BOA001  |b cze 
041 1 |a cze  |h ita 
100 1 |a Piovene, Guido,  |d 1907-1974  |7 xx0012993  |4 aut 
245 1 0 |a Dopisy novicky /  |c Guido Piovene ; z italského originálu ... přeložil Vladimír Horáček 
250 |a 1. vyd. 
260 |a Praha :  |b Odeon,  |c 1971 
300 |a 216 s. 
490 1 |a Soudobá světová próza 
700 1 |a Horáček, Vladimír,  |d 1922-1998  |7 jk01042029  |4 trl 
765 0 |t Lettere di una novizia  |9 Česky 
830 0 |a Soudobá světová próza (Odeon)  |0 s 
856 4 1 |u http://www.digitalniknihovna.cz/mzk/uuid/uuid:c45b1f30-6ef0-11e4-8991-005056827e51  |y Digitalizovaný dokument  |x NDK 
910 |a BOA001  |b 1-0656.818 
990 |a BK 
991 |b 200905 
996 6 |b 2619914471  |c 1-0656.818  |l MZK  |r Sklad / do 1 hodiny  |n 4  |w 000220143  |u 000010  |a 1  |e BOA001  |j MZK50  |s P